| 000 | 00000nam##2200000za#4500 |
| 001 | 9.630980 |
| 003 | CaOODSP |
| 005 | 20210624214118 |
| 007 | cr ||||||||||| |
| 008 | 150407|2003||||xxc|||||o f|0| 0 fre|d |
| 040 | |aCaOODSP|bfre |
| 043 | |an-cn--- |
| 086 | 1 |aMP80-10/2003F-IN |
| 110 | 1 |aCanada.|bDéveloppement des ressources humaines Canada. |
| 245 | 13|aLe pouvoir des mots et des images : |h[ressource électronique]|bConseils généraux pour une représentation adéquate des personnes handicapées / |cPublié par le Bureau de la condition des personnes handicapées. |
| 260 | |aOttawa - Ontario : |bDéveloppement des ressources humaines Canada |c2003. |
| 300 | |a16p.|bill., références |
| 500 | |aISBN (0-662-33755-7) pour la version en anglais est imprimé dans la version en français. |
| 590 | |a03-18|b2003-05-02 |
| 775 | 08|tA way with words and images : |w(CaOODSP)9.686511 |
| 776 | 0#|tLe pouvoir des mots et des images : |w(CaOODSP)9.682089 |
| 856 | 40|ahttp://publications.gc.ca|qPDF|s108 Ko|uhttps://publications.gc.ca/collections/Collection/MP80-10-2003F.pdf |
| 986 | |aSDDP-001-10-02F |